[Event "V Open A"]
[Site "Montebelluna ITA"]
[Date "2007.03.11"]
[Round "5"]
[White "Lavric, Mihail"]
[Black "Brun, Dario"]
[Result "0-1"]
[WhiteElo "2020"]
[BlackElo "2128"]
[PlyCount "74"]
[EventDate "2007.03.09"]

1. d4 d5 2. c4 c6 3. Nc3 dxc4 4. a4 e5 5. e3 exd4 6. exd4 Be6 7. Nf3 Nf6 8. Ne5
Qe7 9. Be2 Nbd7 10. O-O Nxe5 11. dxe5 Nd5 12. Ne4 Qb4 13. Ng5 c3 14. Qc2 O-O-O
15. Nxe6 fxe6 16. Rb1 Bc5 17. bxc3 Qxc3 18. Qa2 Qxe5 19. Qb3 Rd7 20. Bc4 Rf8
21. Bb2 Qg5 22. Bc1 Qh4 23. g3 Qh3 24. Bxd5 exd5 25. Be3 d4 26. Bf4 Qf5 27. Qc4
Qd5 28. Qd3 g5 29. Bd2 Rf3 30. Qc2 d3 31. Qd1 Rxf2 32. Rxf2 Bxf2+ 33. Kxf2 Rf7+
34. Bf4 gxf4 35. Qg4+ Kc7 36. gxf4 Qa2+ 37. Kg3 Qxb1 0-1

[Event "V Open A"]
[Site "Montebelluna ITA"]
[Date "2007.03.11"]
[Round "5"]
[White "Pelosin, Matteo"]
[Black "Boscolo, Marco"]
[Result "0-1"]
[WhiteElo "1860"]
[BlackElo "2033"]
[PlyCount "70"]
[EventDate "2007.03.09"]

1. e4 d5 2. exd5 Qxd5 3. Nc3 Qd6 4. d4 Nf6 5. Bc4 a6 6. Nf3 Bg4 7. Bg5 Nbd7 8.
Qd2 Bxf3 9. gxf3 e6 10. O-O-O O-O-O 11. Ne4 Qc6 12. Qe2 Be7 13. Rhg1 Nb6 14.
Bb3 Rhg8 15. Kb1 a5 16. Bxf6 Bxf6 17. Nxf6 gxf6 18. Rxg8 Rxg8 19. c4 Qd7 20. d5
exd5 21. cxd5 a4 22. Bc4 Rd8 23. Qc2 Kb8 24. Bd3 Nxd5 25. Be2 a3 26. bxa3 Qd6
27. Qb3 Qe5 28. Ba6 b6 29. Kc2 Rd6 30. Qc4 Qe6 31. Bb5 c6 32. Qe4 cxb5 33. Qxh7
Rc6+ 34. Kd2 Ne7 35. h4 Rd6+ 0-1

[Event "V Open A"]
[Site "Montebelluna ITA"]
[Date "2007.03.11"]
[Round "5"]
[White "Roberti, Ignazio"]
[Black "De Nardi, Riccardo"]
[Result "1/2-1/2"]
[WhiteElo "1933"]
[BlackElo "1968"]
[PlyCount "61"]
[EventDate "2007.03.09"]

1. Nf3 c5 2. d4 cxd4 3. Nxd4 d6 4. g3 g6 5. Bg2 Bg7 6. c3 Nf6 7. Qb3 Qc7 8. Nd2
a6 9. O-O O-O 10. Nc4 Nc6 11. Be3 Nxd4 12. Bxd4 Be6 13. Qxb7 Qxb7 14. Bxb7 Bxc4
15. Bxa8 Rxa8 16. Rfe1 Rb8 17. b3 Be6 18. e4 Nd7 19. f4 Rb5 20. Rad1 a5 21. c4
Bxd4+ 22. Rxd4 Rc5 23. Kf2 Nb8 24. Ke3 Nc6 25. Rd2 a4 26. Rc1 Na5 27. Rd3 Nc6
28. Rd2 Na5 29. Rd3 Nc6 30. Rd2 Kf8 31. Kf3 1/2-1/2

[Event "V Open A"]
[Site "Montebelluna ITA"]
[Date "2007.03.11"]
[Round "5"]
[White "Sottroi, Carlo"]
[Black "Garofalo, Sergio"]
[Result "0-1"]
[WhiteElo "2010"]
[BlackElo "1811"]
[PlyCount "74"]
[EventDate "2007.03.09"]

1. e4 e5 2. Nf3 Nc6 3. Bc4 Nf6 4. d3 h6 5. a3 d6 6. Be3 Be6 7. Bxe6 fxe6 8. c4
d5 9. cxd5 exd5 10. Qa4 Qd7 11. exd5 Nxd5 12. Bd2 O-O-O 13. O-O g5 14. Nc3 Nb6
15. Qe4 Qxd3 16. Qg4+ Qd7 17. Qe4 g4 18. Rfd1 gxf3 19. Bg5 Qg7 20. Qf5+ Kb8 21.
Rxd8+ Nxd8 22. Rd1 Bd6 23. Ne4 Rf8 24. Qh3 hxg5 25. Qg3 Qg6 26. gxf3 Rf4 27.
Qh3 g4 28. Qh8 gxf3+ 29. Ng3 Rf8 30. Qh4 Ne6 31. a4 Nf4 32. a5 Qc2 33. Rf1 Nc4
34. Qh6 Nd2 35. Re1 Ne2+ 36. Kh1 Nxg3+ 37. hxg3 Ne4 0-1

[Event "V Open A"]
[Site "Montebelluna ITA"]
[Date "2007.03.11"]
[Round "5"]
[White "Vianello, Enrico"]
[Black "Mrdja, Milan"]
[Result "0-1"]
[WhiteElo "2150"]
[BlackElo "2397"]
[PlyCount "84"]
[EventDate "2007.03.09"]

1. d4 g6 2. Nf3 Bg7 3. e4 d6 4. Nc3 a6 5. a4 b6 6. Be3 e6 7. Bd3 Nd7 8. O-O Bb7
9. Qd2 h6 10. Rfe1 Ne7 11. Rad1 c6 12. Ne2 Qc7 13. c3 c5 14. Bf4 c4 15. Bc2
O-O-O 16. Qc1 e5 17. Bd2 Kb8 18. Qb1 Rhf8 19. Bc1 f5 20. dxe5 dxe5 21. Nd2 Nf6
22. Ng3 f4 23. Ngf1 Nc8 24. b3 cxb3 25. Qxb3 Nd7 26. Ba3 Nc5 27. Qb1 Nd6 28. f3
Bf6 29. Rc1 Be7 30. Kh1 Ka7 31. Red1 g5 32. a5 bxa5 33. Bxc5+ Qxc5 34. Nb3 Qc7
35. Qa2 Nc4 36. Bd3 a4 37. Na1 Nb6 38. c4 Bc5 39. Nc2 g4 40. Rb1 gxf3 41. Nb4
fxg2+ 42. Qxg2 Rg8 0-1

[Event "V Open A"]
[Site "Montebelluna ITA"]
[Date "2007.03.11"]
[Round "5"]
[White "Zanatta, Federico"]
[Black "Rombaldoni, Axel"]
[Result "0-1"]
[WhiteElo "2006"]
[BlackElo "2218"]
[PlyCount "82"]
[EventDate "2007.03.09"]

1. e4 c5 2. Nc3 Nc6 3. g3 g6 4. Bg2 Bg7 5. d3 d6 6. f4 e5 7. Nf3 Nge7 8. O-O
O-O 9. Nh4 exf4 10. Bxf4 Nd4 11. Rb1 Be6 12. a3 Nec6 13. Nf3 Nxf3+ 14. Qxf3 Nd4
15. Qd1 Qd7 16. Qd2 Rae8 17. Be3 f5 18. Ne2 Nxe2+ 19. Qxe2 fxe4 20. Rxf8+ Rxf8
21. Bxe4 d5 22. Bg2 Bg4 23. Qd2 b6 24. d4 Re8 25. c3 cxd4 26. cxd4 Bh3 27. Re1
Bxg2 28. Kxg2 Qf5 29. Bf2 Rxe1 30. Qxe1 Qe4+ 31. Qxe4 dxe4 32. Kf1 Kf7 33. Ke2
Ke6 34. Kd2 Kd5 35. Kc3 Bh6 36. Bg1 b5 37. Kb3 e3 38. Kc3 e2 39. Bf2 Be3 40.
Be1 Bxd4+ 41. Kd3 Bxb2 0-1

[Event "IV Torneo A Primavera Vomero"]
[Site "Napoli ITA"]
[Date "2007.03.22"]
[Round "1"]
[White "Capozzoli, Silvio"]
[Black "Auletta, Angelo"]
[Result "0-1"]
[WhiteElo "1909"]
[BlackElo "2256"]
[PlyCount "56"]
[EventDate "2007.03.22"]

1. e4 c5 2. c4 Nc6 3. Nc3 g6 4. d3 Bg7 5. Be2 e6 6. Bf4 d6 7. Rb1 Nge7 8. Nb5
e5 9. Be3 f5 10. f4 O-O 11. Qd2 Nd4 12. Nc3 Bh6 13. g3 Be6 14. Nd5 Nec6 15. Nf3
Nxe2 16. Qxe2 fxe4 17. dxe4 Nd4 18. Nxd4 cxd4 19. f5 dxe3 20. fxe6 Rf2 21. Qg4
Qa5+ 22. Nc3 Rxb2 23. Rc1 e2 24. e7 Bxc1 25. Qe6+ Kg7 26. e8=N+ Rxe8 27. Qd7+
Kf8 28. Qxd6+ Re7 0-1

[Event "IV Torneo A Primavera Vomero"]
[Site "Napoli ITA"]
[Date "2007.03.22"]
[Round "1"]
[White "Chiummo, Sergio"]
[Black "Schiappoli, Dario"]
[Result "0-1"]
[WhiteElo "1598"]
[BlackElo "1942"]
[PlyCount "58"]
[EventDate "2007.03.22"]

1. c4 e5 2. Nc3 Nf6 3. g3 d5 4. cxd5 Nxd5 5. Bg2 Be6 6. Nf3 Nc6 7. a3 Nxc3 8.
bxc3 e4 9. Ng1 Bc5 10. Nh3 Nd4 11. cxd4 Qxd4 12. O-O Qxa1 13. Qa4+ c6 14. Qxe4
Qd4 15. Qb1 O-O-O 16. d3 Qd7 17. Ng5 Bg4 18. Bf4 Bb6 19. Ne4 Qe7 20. Rc1 f5 21.
Nc3 g5 22. Bd2 h6 23. e3 Rhg8 24. Nd5 Rxd5 25. Bxd5 f4 26. e4 Rg6 27. Bb4 Qc7
28. Qb2 fxg3 29. Qh8+ Qd8 0-1

[Event "IV Torneo A Primavera Vomero"]
[Site "Napoli ITA"]
[Date "2007.03.22"]
[Round "1"]
[White "Cosenza, Gianni"]
[Black "Improta, Giovanni"]
[Result "0-1"]
[WhiteElo "2028"]
[BlackElo "1742"]
[PlyCount "72"]
[EventDate "2007.03.22"]

1. e4 g6 2. d4 c5 3. Nf3 Bg7 4. c3 cxd4 5. cxd4 Nc6 6. Nc3 d6 7. h3 a6 8. Be2
b5 9. O-O Bb7 10. Re1 e6 11. Bf1 Nge7 12. Be3 Na5 13. Bf4 Qb6 14. d5 O-O 15.
dxe6 fxe6 16. Qxd6 Qxd6 17. Bxd6 Rfe8 18. Rac1 Nc4 19. Bxc4 bxc4 20. Na4 Rac8
21. Nc5 Bc6 22. Rxc4 Bb5 23. Rcc1 Nc6 24. e5 Nb4 25. a3 Nd5 26. Nd4 Bh6 27.
Rcd1 Nf4 28. b4 Bc4 29. Nd7 Red8 30. Nb6 Bd5 31. Nxc8 Rxc8 32. f3 Nh5 33. Kf2
Bf4 34. Re2 Rc3 35. a4 Bc4 36. Rdd2 Bg3+ 0-1

[Event "IV Torneo A Primavera Vomero"]
[Site "Napoli ITA"]
[Date "2007.03.22"]
[Round "1"]
[White "De Meo, Guido"]
[Black "Sorrentino, Michele"]
[Result "0-1"]
[WhiteElo "1724"]
[BlackElo "2007"]
[PlyCount "68"]
[EventDate "2007.03.22"]

1. d4 Nf6 2. c4 g6 3. g3 Bg7 4. Bg2 O-O 5. Nc3 d6 6. Nf3 Nbd7 7. Bg5 c6 8. O-O
Re8 9. d5 c5 10. Qc1 a6 11. Rd1 Rb8 12. a4 Ng4 13. e4 Nge5 14. Nxe5 Nxe5 15.
Ne2 Bg4 16. Qc2 Qd7 17. Ra3 b5 18. axb5 axb5 19. cxb5 Qxb5 20. Rd2 Nc4 21. Nc3
Bxc3 22. Rxc3 Nxd2 23. Qxd2 Qxb2 24. Rc2 Qa1+ 25. Rc1 Rb1 26. Qf4 Rxc1+ 27.
Qxc1 Qxc1+ 28. Bxc1 Rb8 29. h3 Bxh3 30. Bg5 Bxg2 31. Kxg2 f6 32. Bf4 g5 33. Be3
Rb3 34. Bd2 Kf7 0-1

[Event "IV Torneo A Primavera Vomero"]
[Site "Napoli ITA"]
[Date "2007.03.22"]
[Round "1"]
[White "Della Ragione, Achille"]
[Black "Miccoli, Livio"]
[Result "1/2-1/2"]
[WhiteElo "2004"]
[BlackElo "1670"]
[PlyCount "95"]
[EventDate "2007.03.22"]

1. c4 Nf6 2. Nc3 g6 3. e4 d6 4. g3 Bg7 5. Bg2 O-O 6. Nge2 c5 7. O-O Nc6 8. d3
Bd7 9. f4 e6 10. h3 a6 11. g4 Qc7 12. g5 Ne8 13. h4 f6 14. Be3 fxg5 15. hxg5
Nd4 16. Qd2 Bc6 17. Bxd4 Bxd4+ 18. Nxd4 cxd4 19. Ne2 Qg7 20. Bf3 Nc7 21. Kg2
Rf7 22. Rh1 Raf8 23. Rh4 e5 24. Rah1 Qh8 25. Rh6 Ne6 26. Rxg6+ hxg6 27. Rxh8+
Kxh8 28. Bg4 Nxf4+ 29. Nxf4 Rxf4 30. Kg3 Kg7 31. Qb4 Rf1 32. Bh3 R1f3+ 33. Kg2
Rxd3 34. Qxd6 Bxe4+ 35. Kh2 Rd2+ 36. Kg3 Rf3+ 37. Kh4 Rf4+ 38. Bg4 Rh2+ 39. Kg3
Rg2+ 40. Kh3 Rfxg4 41. Qxe5+ Kf7 42. Qc7+ Ke6 43. Qc8+ Kf7 44. Qd7+ Kf8 45.
Qd6+ Kf7 46. Qd7+ Kg8 47. Qc8+ Kg7 48. Qd7+ 1/2-1/2

[Event "IV Torneo A Primavera Vomero"]
[Site "Napoli ITA"]
[Date "2007.03.22"]
[Round "1"]
[White "Ficco, Corrado"]
[Black "Accardo, Francesco"]
[Result "1-0"]
[WhiteElo "2178"]
[BlackElo "1850"]
[PlyCount "59"]
[EventDate "2007.03.22"]

1. e4 b6 2. d4 Bb7 3. Bd3 e6 4. Nf3 Be7 5. O-O a6 6. c4 d6 7. Nc3 Nd7 8. Re1 c5
9. b3 h6 10. Bb2 cxd4 11. Nxd4 Ne5 12. Bc2 g5 13. Qd2 Nf6 14. f4 gxf4 15. Qxf4
Nfg4 16. Qf1 Bg5 17. Bc1 Qc7 18. Bxg5 hxg5 19. h3 O-O-O 20. Rad1 Rh6 21. hxg4
Nxg4 22. Rd3 f5 23. Bd1 Rdh8 24. Rh3 Qc5 25. Bxg4 fxg4 26. Rxh6 Qxd4+ 27. Qf2
Qxc3 28. Rxh8+ Qxh8 29. Rf1 Qe5 30. Qxb6 1-0

[Event "IV Torneo A Primavera Vomero"]
[Site "Napoli ITA"]
[Date "2007.03.29"]
[Round "2"]
[White "Auletta, Angelo"]
[Black "Ricci, Giuseppe"]
[Result "1-0"]
[WhiteElo "2256"]
[BlackElo "1946"]
[PlyCount "117"]
[EventDate "2007.03.22"]

1. e4 c5 2. Nf3 d6 3. Bb5+ Nd7 4. O-O Ngf6 5. Re1 e6 6. c3 a6 7. Bf1 Qc7 8. d4
Be7 9. e5 dxe5 10. dxe5 Nd5 11. c4 Nb4 12. b3 O-O 13. Bb2 Rd8 14. Nbd2 Nc6 15.
Qc2 b6 16. a3 Bb7 17. Bd3 Nf8 18. Ne4 Ng6 19. Neg5 Rxd3 20. Qxd3 Rd8 21. Qe3 h6
22. Ne4 Ncxe5 23. Nxe5 Nxe5 24. Qg3 f6 25. Nxf6+ Bxf6 26. Bxe5 Qf7 27. Bxf6
Qxf6 28. Qe5 Qxe5 29. Rxe5 Kf7 30. Rae1 Bc8 31. b4 cxb4 32. axb4 Rd4 33. R5e4
Rd3 34. h3 Rb3 35. c5 bxc5 36. bxc5 Rc3 37. Re5 Rc4 38. Kh2 g6 39. Kg3 Bd7 40.
h4 a5 41. c6 Rc3+ 42. R1e3 Rxc6 43. Rxa5 Rc7 44. Rea3 Kf6 45. Ra7 Rxa7 46. Rxa7
Bc6 47. Rh7 h5 48. Rc7 Bd5 49. Rc5 Kf5 50. f3 Kf6 51. Kf4 Bb3 52. g4 hxg4 53.
fxg4 Bd5 54. g5+ Ke7 55. Ke5 Bb3 56. Rc7+ Kd8 57. Rg7 Bc2 58. Kf6 Bf5 59. Rxg6
1-0

[Event "IV Torneo A Primavera Vomero"]
[Site "Napoli ITA"]
[Date "2007.03.29"]
[Round "2"]
[White "De Rosa, Francesco"]
[Black "Ficco, Corrado"]
[Result "1/2-1/2"]
[WhiteElo "1949"]
[BlackElo "2178"]
[PlyCount "155"]
[EventDate "2007.03.22"]

1. d4 Nf6 2. c4 c5 3. d5 b5 4. cxb5 a6 5. bxa6 g6 6. Nc3 Bxa6 7. g3 d6 8. Bg2
Bg7 9. Nf3 Nbd7 10. O-O Nb6 11. Rb1 O-O 12. b3 Ra7 13. Re1 Qc7 14. Bb2 Rb8 15.
e4 Ng4 16. Qd2 Nd7 17. Bf1 Nge5 18. Nxe5 Nxe5 19. Kg2 c4 20. Rec1 Qd7 21. Nd1
cxb3 22. Bxe5 Bxf1+ 23. Kxf1 Bxe5 24. axb3 Ra3 25. Qc2 Qb5+ 26. Qc4 Rxb3 27.
Qxb5 R8xb5 28. Rxb3 Rxb3 29. Ke2 Bd4 30. Rc2 Kg7 31. Rd2 Bc5 32. Rd3 Rb1 33.
Kf3 h5 34. h4 Kf6 35. Ne3 Bxe3 36. Kxe3 g5 37. hxg5+ Kxg5 38. Kf3 Rb2 39. Rc3
Kf6 40. Ke3 Rb1 41. Kf4 Rb2 42. Kf3 Ke5 43. Ke3 Kf6 44. Kf3 Rb1 45. Ke3 Re1+
46. Kd4 Re2 47. Rf3+ Kg6 48. Kd3 Re1 49. Rf4 f6 50. Kc2 Kg5 51. Kb3 Rh1 52.
Rf5+ Kg6 53. Kc4 h4 54. gxh4 Rxh4 55. f3 Rh1 56. Kb5 Rc1 57. Kb6 Kf7 58. Kb5
Ke8 59. Kb6 Kd7 60. Kb5 Kc7 61. Rh5 Rf1 62. Rf5 Rg1 63. Rf4 Rg5 64. Ka6 Rg1 65.
Kb5 Rc1 66. Kb4 Kd7 67. Kb3 Ke8 68. Kb2 Rc5 69. Kb3 Kf7 70. Rf5 Rc1 71. Kb4 e6
72. dxe6+ Kxe6 73. Kb3 Rc7 74. Kb4 Rc8 75. Kb5 Rc1 76. Kb6 Rd1 77. Kc6 Rc1+ 78.
Kb6 1/2-1/2

[Event "IV Torneo A Primavera Vomero"]
[Site "Napoli ITA"]
[Date "2007.03.29"]
[Round "2"]
[White "Lombardo, Michele"]
[Black "Della Ragione, Achille"]
[Result "1-0"]
[WhiteElo "1758"]
[BlackElo "2004"]
[PlyCount "89"]
[EventDate "2007.03.22"]

1. g3 e5 2. Bg2 d5 3. c3 h5 4. d4 e4 5. h4 Nf6 6. Bg5 Be7 7. Bh3 Ng4 8. Bxe7
Qxe7 9. e3 Qf6 10. Qe2 Nc6 11. Nd2 Be6 12. a3 a6 13. c4 dxc4 14. Nxe4 Qg6 15.
Nc3 Rd8 16. Bg2 Na5 17. Nh3 O-O 18. Nf4 Qh6 19. Nxe6 fxe6 20. O-O c6 21. Ne4 e5
22. dxe5 Nxe5 23. Ng5 Rd6 24. Rad1 Rfd8 25. Rxd6 Rxd6 26. Rd1 Ng4 27. Bf3 Ne5
28. Bxh5 Nb3 29. Rxd6 Qxd6 30. Qc2 Qd3 31. Qxd3 cxd3 32. f4 g6 33. Bd1 Na5 34.
fxe5 Kf8 35. Kf2 Nc4 36. Bb3 Nxe5 37. Ke1 c5 38. Ne6+ Ke7 39. Nxc5 Kf6 40. Kd2
Kf5 41. Nxd3 Nd7 42. Nf4 g5 43. hxg5 Kxg5 44. Bd5 b5 45. Ne6+ 1-0

[Event "IV Torneo A Primavera Vomero"]
[Site "Napoli ITA"]
[Date "2007.03.29"]
[Round "2"]
[White "Pinto, Gaetano"]
[Black "Gallo, Thomas Renato"]
[Result "1-0"]
[WhiteElo "2024"]
[BlackElo "1837"]
[PlyCount "103"]
[EventDate "2007.03.22"]

1. d4 Nf6 2. Nf3 b6 3. Bg5 Bb7 4. Nbd2 d6 5. e3 Nbd7 6. c3 c5 7. Be2 e6 8. O-O
Be7 9. a4 O-O 10. Nc4 Ne4 11. Bf4 g5 12. Bg3 Nxg3 13. hxg3 h6 14. Qd2 Ba6 15.
Rfd1 d5 16. Nce5 Bxe2 17. Qxe2 Bf6 18. Nxd7 Qxd7 19. Ne5 Qc7 20. f4 Bg7 21. Qh5
Qe7 22. Kf2 gxf4 23. gxf4 cxd4 24. exd4 Rac8 25. Rh1 Qf6 26. g3 Rc7 27. Ng4 Qg6
28. Nxh6+ Bxh6 29. Qxg6+ fxg6 30. Rxh6 Rf6 31. Rah1 Rg7 32. Rh8+ Kf7 33. Ra8 g5
34. Rxa7+ Kg6 35. Rxg7+ Kxg7 36. Kf3 gxf4 37. gxf4 Rf8 38. Ra1 Ra8 39. Ra3 Rc8
40. Rb3 Rc6 41. Kg4 Kg6 42. Rb4 Rd6 43. b3 Rc6 44. c4 Rd6 45. cxd5 exd5 46. Rb5
Kf6 47. b4 Ke6 48. f5+ Kd7 49. a5 bxa5 50. bxa5 Kc7 51. Kf4 Rd7 52. Ke5 1-0

[Event "IV Torneo A Primavera Vomero"]
[Site "Napoli ITA"]
[Date "2007.03.29"]
[Round "2"]
[White "Radice, Mario"]
[Black "Nardiello, Luigi"]
[Result "0-1"]
[WhiteElo "2033"]
[BlackElo "1641"]
[PlyCount "78"]
[EventDate "2007.03.22"]

1. e4 c5 2. Nf3 Nc6 3. d4 cxd4 4. Nxd4 e6 5. Nxc6 bxc6 6. Bd3 g6 7. c4 Bg7 8.
Nc3 Ne7 9. Bg5 O-O 10. Qd2 f6 11. Bh6 d5 12. Rd1 d4 13. Ne2 e5 14. h4 Qe8 15.
Ng3 f5 16. exf5 Bxf5 17. Bxg7 Kxg7 18. h5 Bxd3 19. Qxd3 Qf7 20. Rd2 Nf5 21.
hxg6 hxg6 22. Qe4 Qe6 23. Nxf5+ Rxf5 24. g3 Rd8 25. Qh4 Rh5 26. Qxd8 Rxh1+ 27.
Ke2 Qxc4+ 28. Kf3 Qd5+ 29. Qxd5 cxd5 30. Ke2 Kf6 31. Rc2 Kf5 32. Rc5 Rb1 33.
Rb5 Ke6 34. a4 e4 35. a5 d3+ 36. Kd2 Rf1 37. a6 Rxf2+ 38. Ke1 e3 39. Rb7 d2+
0-1

[Event "IV Torneo A Primavera Vomero"]
[Site "Napoli ITA"]
[Date "2007.04.05"]
[Round "3"]
[White "Chiummo, Sergio"]
[Black "Radice, Mario"]
[Result "1-0"]
[WhiteElo "1598"]
[BlackElo "2033"]
[PlyCount "51"]
[EventDate "2007.03.22"]

1. c4 Nf6 2. Nc3 d5 3. cxd5 Nxd5 4. g3 g6 5. Bg2 Nb6 6. Nf3 Bg7 7. d3 Nc6 8.
Bd2 O-O 9. a3 h6 10. Qc1 Kh7 11. h4 Bg4 12. Nh2 Be6 13. Nf3 Na5 14. Rb1 Nb3 15.
Qc2 Nxd2 16. Qxd2 c6 17. h5 g5 18. Nxg5+ hxg5 19. Qxg5 Bh6 20. Be4+ f5 21. Qg6+
Kh8 22. Qxh6+ Kg8 23. Qxe6+ Kh8 24. Bxf5 Rf6 25. Qe4 Qf8 26. g4 1-0

[Event "IV Torneo A Primavera Vomero"]
[Site "Napoli ITA"]
[Date "2007.04.05"]
[Round "3"]
[White "Ficco, Corrado"]
[Black "Lombardo, Michele"]
[Result "1-0"]
[WhiteElo "2178"]
[BlackElo "1758"]
[PlyCount "49"]
[EventDate "2007.03.22"]

1. e4 g6 2. d4 Bg7 3. Nf3 d6 4. Be2 Nd7 5. O-O e6 6. c4 Ne7 7. Nc3 b6 8. Be3
Bb7 9. Qd2 O-O 10. Bh6 c5 11. Bxg7 Kxg7 12. Rad1 Nf6 13. e5 dxe5 14. dxe5 Ne4
15. Nxe4 Bxe4 16. Qf4 Qc7 17. Qxe4 Nc6 18. Rd2 Rad8 19. Rfd1 Nb4 20. a3 Nc6 21.
Rd6 Ne7 22. Qh4 Rfe8 23. Qf6+ Kg8 24. Ng5 Nc6 25. Rxc6 1-0

[Event "IV Torneo A Primavera Vomero"]
[Site "Napoli ITA"]
[Date "2007.04.05"]
[Round "3"]
[White "Schiappoli, Dario"]
[Black "Auletta, Angelo"]
[Result "0-1"]
[WhiteElo "1942"]
[BlackElo "2256"]
[PlyCount "42"]
[EventDate "2007.03.22"]

1. e4 d6 2. d4 Nf6 3. Nc3 g6 4. Bg5 Bg7 5. f4 O-O 6. Bc4 c5 7. e5 cxd4 8. Qxd4
Nc6 9. Qf2 dxe5 10. Nge2 exf4 11. Qxf4 Bf5 12. Bb3 Na5 13. O-O Nxb3 14. cxb3
Qb6+ 15. Kh1 Rad8 16. Bh4 Nd5 17. Nxd5 Rxd5 18. g4 Be5 19. Qa4 Bd7 20. Bf2 Bxa4
21. Bxb6 Bc6 0-1

[Event "IV Torneo A Primavera Vomero"]
[Site "Napoli ITA"]
[Date "2007.04.12"]
[Round "4"]
[White "Accardo, Francesco"]
[Black "De Meo, Guido"]
[Result "1-0"]
[WhiteElo "1850"]
[BlackElo "1724"]
[PlyCount "53"]
[EventDate "2007.03.22"]

1. g4 d5 2. Bg2 c6 3. g5 e5 4. d4 Nd7 5. h4 Bd6 6. c4 dxc4 7. Nf3 Qc7 8. Nc3
Ne7 9. h5 Nb6 10. e4 exd4 11. Qxd4 O-O 12. h6 f6 13. hxg7 Rf7 14. gxf6 Ng6 15.
Bg5 c5 16. Qd2 Bf4 17. Bxf4 Nxf4 18. Nb5 Nd3+ 19. Kf1 Qf4 20. Qxf4 Nxf4 21. e5
Bf5 22. Nd6 Bd3+ 23. Kg1 Rd7 24. Rh4 Ne6 25. Ne1 Nd8 26. Nxd3 cxd3 27. Be4 1-0

[Event "IV Torneo A Primavera Vomero"]
[Site "Napoli ITA"]
[Date "2007.04.12"]
[Round "4"]
[White "Auletta, Angelo"]
[Black "Ficco, Corrado"]
[Result "1-0"]
[WhiteElo "2256"]
[BlackElo "2178"]
[PlyCount "93"]
[EventDate "2007.03.22"]

1. e4 c5 2. Ne2 e6 3. Nbc3 Nc6 4. g3 Nf6 5. Bg2 d5 6. exd5 exd5 7. d3 d4 8. Ne4
Be7 9. O-O O-O 10. Nxf6+ Bxf6 11. a3 Re8 12. Nf4 g6 13. Bd2 Bf5 14. b4 cxb4 15.
axb4 a6 16. Rb1 Re5 17. h3 Qd6 18. Re1 Rb5 19. Qf3 Ne5 20. Qe2 Rc8 21. Rb2 Bd7
22. g4 Nc6 23. Be4 a5 24. Qf3 Bg7 25. Reb1 axb4 26. Bd5 Rf8 27. Bc4 Ne5 28. Qg3
g5 29. Ne2 Nxc4 30. dxc4 Qxg3+ 31. Nxg3 Rb6 32. Rxb4 Rxb4 33. Rxb4 Rc8 34. Bxg5
Be6 35. Rxb7 Rxc4 36. Rb8+ Rc8 37. Rxc8+ Bxc8 38. Nf5 Kf8 39. Be7+ Kg8 40. Bc5
Bxf5 41. gxf5 Be5 42. Kg2 Kg7 43. Kf3 Kh6 44. Ke4 Bh2 45. Bxd4 Kh5 46. Be5 Bg1
47. Bg3 1-0

[Event "IV Torneo A Primavera Vomero"]
[Site "Napoli ITA"]
[Date "2007.04.12"]
[Round "4"]
[White "Lombardo, Michele"]
[Black "Cosenza, Gianni"]
[Result "0-1"]
[WhiteElo "1758"]
[BlackElo "2028"]
[PlyCount "120"]
[EventDate "2007.03.22"]

1. g3 d5 2. Bg2 g6 3. c3 Bg7 4. d4 c6 5. Bf4 Qb6 6. b3 Bf5 7. Nd2 Nf6 8. e3
Nbd7 9. Ne2 Nh5 10. h3 Nxf4 11. Nxf4 Nf6 12. O-O g5 13. Nh5 Nxh5 14. Qxh5 h6
15. e4 Bg6 16. Qe2 e6 17. exd5 cxd5 18. Bxd5 O-O 19. Be4 f5 20. Bg2 Rfe8 21.
Nc4 Qc7 22. Rac1 Rad8 23. Rfd1 Kh8 24. Bf3 Re7 25. Bh5 Bh7 26. Ne5 Rf8 27. f4
Bf6 28. Kh2 Rg8 29. Qf2 Reg7 30. Rg1 Qe7 31. Nf3 g4 32. Nd2 gxh3 33. Kxh3 Bg6
34. Bxg6 Rxg6 35. Nf3 Rg4 36. Rce1 Qf7 37. Nh4 Qh5 38. c4 Qf7 39. Qe3 Qg7 40.
Nxf5 exf5 41. Qf3 Bxd4 42. Rg2 Bf6 43. Kh2 h5 44. Ree2 h4 45. gxh4 Rxg2+ 46.
Rxg2 Qxg2+ 47. Qxg2 Rxg2+ 48. Kxg2 Bxh4 49. Kf3 Kg7 50. Ke3 Kf7 51. Kd4 Ke6 52.
a3 Bg3 53. Ke3 Bh2 54. Kf3 Kd6 55. b4 b6 56. Ke3 a5 57. Kf3 axb4 58. axb4 Bg1
59. Kg3 Be3 60. Kf3 Bd2 0-1

[Event "IV Torneo A Primavera Vomero"]
[Site "Napoli ITA"]
[Date "2007.04.12"]
[Round "4"]
[White "Schiappoli, Dario"]
[Black "Improta, Giovanni"]
[Result "1-0"]
[WhiteElo "1942"]
[BlackElo "1742"]
[PlyCount "99"]
[EventDate "2007.03.22"]

1. e4 d6 2. d4 Nf6 3. Nc3 g6 4. Bg5 Bg7 5. Qd2 h5 6. Nf3 Nbd7 7. O-O-O Nf8 8.
h3 Ne6 9. Be3 c6 10. Bd3 Qa5 11. Kb1 b5 12. d5 cxd5 13. Bxb5+ Bd7 14. Bxd7+
Nxd7 15. Qxd5 Qxd5 16. exd5 Nec5 17. Bd4 Nf6 18. Rhe1 a6 19. Ng5 Rb8 20. Nge4
O-O 21. Nxf6+ exf6 22. Ne4 Nxe4 23. Rxe4 Rfc8 24. Rd3 Rb5 25. b3 Rxd5 26. c4 f5
27. Rf4 Bh6 28. Rff3 Ra5 29. Bb6 Re5 30. Rxd6 Re1+ 31. Kc2 Rce8 32. Be3 Bg7 33.
a4 Re2+ 34. Kd1 Rb2 35. Bd2 a5 36. c5 Rb1+ 37. Kc2 Rb2+ 38. Kc1 Re2 39. c6 Re7
40. Rd7 Re6 41. c7 Rc6+ 42. Kd1 Kh7 43. Rfd3 Rb1+ 44. Ke2 Rb2 45. Rxf7 Re6+ 46.
Kf3 Rc2 47. Rdd7 Rxd2 48. Rxg7+ Kh6 49. Rh7+ Kg5 50. Rxd2 1-0

[Event "IV Torneo A Primavera Vomero"]
[Site "Napoli ITA"]
[Date "2007.04.19"]
[Round "5"]
[White "Capozzoli, Silvio"]
[Black "Cosenza, Gianni"]
[Result "0-1"]
[WhiteElo "1909"]
[BlackElo "2028"]
[PlyCount "58"]
[EventDate "2007.03.22"]

1. e4 e6 2. d4 d5 3. Nc3 Nf6 4. e5 Nfd7 5. Nf3 a6 6. a3 c5 7. Be3 Nc6 8. Ne2
cxd4 9. Nexd4 Ndxe5 10. Nxe5 Nxe5 11. Qh5 Ng6 12. Bd3 Qh4 13. Bxg6 hxg6 14. Qe2
Bd6 15. c4 dxc4 16. O-O-O Qe7 17. Kb1 c3 18. Qd3 cxb2 19. Nxe6 Bxe6 20. Qxd6
Qf6 21. Qd4 Qf5+ 22. Kxb2 O-O 23. Qd3 Qe5+ 24. Qd4 Qb5+ 25. Qb4 Qc6 26. g3 Rac8
27. Rc1 Qd5 28. Ra1 Rc4 29. Qd2 Qe5+ 0-1

[Event "IV Torneo A Primavera Vomero"]
[Site "Napoli ITA"]
[Date "2007.04.19"]
[Round "5"]
[White "De Rosa, Francesco"]
[Black "Auletta, Angelo"]
[Result "0-1"]
[WhiteElo "1949"]
[BlackElo "2256"]
[PlyCount "80"]
[EventDate "2007.03.22"]

1. e4 a6 2. d4 b5 3. Nf3 Bb7 4. Bd3 Nf6 5. Qe2 e6 6. Bg5 Be7 7. Nbd2 h6 8. Bxf6
Bxf6 9. O-O Be7 10. c4 bxc4 11. Bxc4 d5 12. exd5 exd5 13. Bd3 O-O 14. Nb3 a5
15. Rac1 Nd7 16. Ne5 Bd6 17. f4 a4 18. Nxd7 Re8 19. Ne5 axb3 20. Qh5 Re7 21.
axb3 Qe8 22. Qf5 g6 23. Qh3 Bxe5 24. fxe5 Kg7 25. Qf3 Qd7 26. Qf6+ Kg8 27. Rf3
Re6 28. Qh4 Kg7 29. Rcf1 h5 30. Qf6+ Rxf6 31. Rxf6 Re8 32. Bb5 c6 33. Be2 Re6
34. g4 Rxf6 35. Rxf6 hxg4 36. Bd3 Qe7 37. Kf2 Qb4 38. Ke3 c5 39. dxc5 Qxc5+ 40.
Ke2 Qd4 0-1